<?xml version="1.0" encoding="UTF-8"?>
<record
    xmlns:xsi="http://www.w3.org/2001/XMLSchema-instance"
    xsi:schemaLocation="http://www.loc.gov/MARC21/slim http://www.loc.gov/standards/marcxml/schema/MARC21slim.xsd"
    xmlns="http://www.loc.gov/MARC21/slim">

  <leader>01422nam a22002777a 4500</leader>
  <controlfield tag="005">20170411142034.0</controlfield>
  <controlfield tag="008">140714b        xxu||||| |||| 00| 0 Urdu d</controlfield>
  <datafield tag="010" ind1=" " ind2=" ">
    <subfield code="a">UR-126     B-548018-021   B-665902</subfield>
  </datafield>
  <datafield tag="020" ind1=" " ind2=" ">
    <subfield code="a">9789350731765</subfield>
    <subfield code="c">180.00</subfield>
  </datafield>
  <datafield tag="035" ind1=" " ind2=" ">
    <subfield code="a">U-126     B-548018-021   B-665902</subfield>
  </datafield>
  <datafield tag="037" ind1=" " ind2=" ">
    <subfield code="b">BPPD/Pub/Ven</subfield>
  </datafield>
  <datafield tag="037" ind1=" " ind2=" ">
    <subfield code="b">Pansy Books (Vend.)/Edu.pub. House(Pub.)</subfield>
  </datafield>
  <datafield tag="040" ind1=" " ind2=" ">
    <subfield code="a">DPL</subfield>
    <subfield code="b">Urdu</subfield>
  </datafield>
  <datafield tag="082" ind1=" " ind2=" ">
    <subfield code="a">808.883</subfield>
  </datafield>
  <datafield tag="100" ind1=" " ind2=" ">
    <subfield code="a">&#x627; &#x628;&#x648; &#x627;&#x644;&#x62D;&#x633;&#x646; &#x646;&#x63A;&#x645;&#x6CC;</subfield>
  </datafield>
  <datafield tag="245" ind1=" " ind2=" ">
    <subfield code="a">&#x633;&#x639;&#x627; &#x62F;&#x62A; &#x62D;&#x633;&#x646; &#x645;&#x646;&#x679;&#x648;:&#x630; &#x627; &#x62A;&#x6CC; &#x64A;&#x627; &#x62F; &#x627; &#x634;&#x62A;&#x648; &#x646; &#x67E;&#x631; &#x645;&#x628;&#x646;&#x6CC; &#x627; &#x648; &#x631; &#x627; &#x642;</subfield>
    <subfield code="c">&#x627; &#x628;&#x648; &#x627;&#x644;&#x62D;&#x633;&#x646; &#x646;&#x63A;&#x645;&#x6CC;</subfield>
  </datafield>
  <datafield tag="246" ind1=" " ind2=" ">
    <subfield code="a">Sa'Dat Hasan Manto(Memories based on personal notes)</subfield>
    <subfield code="b">Abul Hasan Naghmi</subfield>
  </datafield>
  <datafield tag="260" ind1=" " ind2=" ">
    <subfield code="a">&#x62F; &#x6BE;&#x644;&#x6CC;</subfield>
    <subfield code="b">&#x627; &#x64A;&#x62C;&#x648; &#x6A9;&#x64A;&#x634;&#x646;&#x644; &#x67E;&#x628;&#x644;&#x64A;&#x634;&#x646;&#x6AF;  &#x6C1;&#x627; &#x624;&#x633;</subfield>
    <subfield code="c">2013</subfield>
  </datafield>
  <datafield tag="260" ind1=" " ind2=" ">
    <subfield code="b">Pansy Books(Vender)</subfield>
  </datafield>
  <datafield tag="270" ind1=" " ind2=" ">
    <subfield code="a">3108&#x60C;&#x648; &#x6A9;&#x64A;&#x644; &#x627;&#x633;&#x679;&#x631; &#x64A;&#x679; &#x60C;&#x6A9;&#x648; &#x686;&#x6C1; &#x67E;&#x646;&#x688; &#x62A; &#x60C;&#x644;&#x627;&#x644; &#x6A9;&#x646;&#x648; &#x627; &#x646;</subfield>
    <subfield code="b">&#x62F; &#x6BE;&#x644;&#x6CC;</subfield>
    <subfield code="e">110006</subfield>
    <subfield code="k">23216162&#x60C;23214465</subfield>
  </datafield>
  <datafield tag="270" ind1=" " ind2=" ">
    <subfield code="a">R2,/66/A Somesh Vihar,Chhawala</subfield>
    <subfield code="b">New Delhi</subfield>
    <subfield code="e">110071</subfield>
    <subfield code="k">01125317355</subfield>
  </datafield>
  <datafield tag="300" ind1=" " ind2=" ">
    <subfield code="a">144&#x635;</subfield>
    <subfield code="c">22Cm (Hb)</subfield>
  </datafield>
  <datafield tag="942" ind1=" " ind2=" ">
    <subfield code="2">ddc</subfield>
    <subfield code="c">UR</subfield>
    <subfield code="e"> </subfield>
    <subfield code="h">808.883</subfield>
    <subfield code="m">&#x645; &#x646; &#x679;</subfield>
  </datafield>
  <datafield tag="999" ind1=" " ind2=" ">
    <subfield code="c">87370</subfield>
    <subfield code="d">87370</subfield>
  </datafield>
  <datafield tag="952" ind1=" " ind2=" ">
    <subfield code="0">0</subfield>
    <subfield code="1">0</subfield>
    <subfield code="2">ddc</subfield>
    <subfield code="4">0</subfield>
    <subfield code="7">0</subfield>
    <subfield code="8">NFIC</subfield>
    <subfield code="a">L</subfield>
    <subfield code="b">L</subfield>
    <subfield code="d">2014-11-19</subfield>
    <subfield code="e">BPPD/UR/2014-15/125/01-08-2014/1469/14/08/2014/2/09/2014</subfield>
    <subfield code="g">180.00</subfield>
    <subfield code="l">1</subfield>
    <subfield code="o">808.883 &#x645; &#x646; &#x679;</subfield>
    <subfield code="p">B-548018</subfield>
    <subfield code="r">2017-09-25 00:00:00</subfield>
    <subfield code="s">2017-09-07</subfield>
    <subfield code="t">1</subfield>
    <subfield code="v">180.00</subfield>
    <subfield code="w">2014-11-19</subfield>
    <subfield code="y">UR</subfield>
  </datafield>
  <datafield tag="952" ind1=" " ind2=" ">
    <subfield code="0">0</subfield>
    <subfield code="1">0</subfield>
    <subfield code="2">ddc</subfield>
    <subfield code="4">0</subfield>
    <subfield code="7">0</subfield>
    <subfield code="8">NFIC</subfield>
    <subfield code="a">BL1</subfield>
    <subfield code="b">BL1</subfield>
    <subfield code="d">2014-11-19</subfield>
    <subfield code="e">BPPD/UR/2014-15/125/01-08-2014/1469/14/08/2014/2/09/2014</subfield>
    <subfield code="g">180.00</subfield>
    <subfield code="l">0</subfield>
    <subfield code="o">808.883 &#x645; &#x646; &#x679;</subfield>
    <subfield code="p">B-548019</subfield>
    <subfield code="r">2014-11-19 00:00:00</subfield>
    <subfield code="t">1</subfield>
    <subfield code="v">180.00</subfield>
    <subfield code="y">UR</subfield>
  </datafield>
  <datafield tag="952" ind1=" " ind2=" ">
    <subfield code="0">0</subfield>
    <subfield code="1">0</subfield>
    <subfield code="2">ddc</subfield>
    <subfield code="4">0</subfield>
    <subfield code="7">0</subfield>
    <subfield code="8">NFIC</subfield>
    <subfield code="a">ZLS</subfield>
    <subfield code="b">ZLS</subfield>
    <subfield code="d">2014-11-19</subfield>
    <subfield code="e">BPPD/UR/2014-15/125/01-08-2014/1469/14/08/2014/2/09/2014</subfield>
    <subfield code="g">180.00</subfield>
    <subfield code="l">2</subfield>
    <subfield code="o">808.883 &#x645; &#x646; &#x679;</subfield>
    <subfield code="p">B-548020</subfield>
    <subfield code="r">2019-05-06 00:00:00</subfield>
    <subfield code="s">2019-04-25</subfield>
    <subfield code="t">1</subfield>
    <subfield code="v">180.00</subfield>
    <subfield code="y">CH</subfield>
  </datafield>
  <datafield tag="952" ind1=" " ind2=" ">
    <subfield code="0">1</subfield>
    <subfield code="1">0</subfield>
    <subfield code="2">ddc</subfield>
    <subfield code="4">0</subfield>
    <subfield code="7">0</subfield>
    <subfield code="8">NFIC</subfield>
    <subfield code="a">BL4</subfield>
    <subfield code="b">BL4</subfield>
    <subfield code="d">2014-11-19</subfield>
    <subfield code="e">BPPD/UR/2014-15/125/01-08-2014/1469/14/08/2014/2/09/2014</subfield>
    <subfield code="g">180.00</subfield>
    <subfield code="l">0</subfield>
    <subfield code="o">808.883 &#x645; &#x646; &#x679;</subfield>
    <subfield code="p">B-548021</subfield>
    <subfield code="r">2014-11-19 00:00:00</subfield>
    <subfield code="t">1</subfield>
    <subfield code="v">180.00</subfield>
    <subfield code="y">UR</subfield>
  </datafield>
  <datafield tag="952" ind1=" " ind2=" ">
    <subfield code="0">0</subfield>
    <subfield code="1">0</subfield>
    <subfield code="2">ddc</subfield>
    <subfield code="4">0</subfield>
    <subfield code="7">0</subfield>
    <subfield code="8">NFIC</subfield>
    <subfield code="a">AV</subfield>
    <subfield code="b">AV</subfield>
    <subfield code="d">2017-04-11</subfield>
    <subfield code="e">BPPD/UR/2014-15/AV/16-17/656/17.217//P/1638/6.3.17/8.3.17</subfield>
    <subfield code="g">180.00</subfield>
    <subfield code="l">0</subfield>
    <subfield code="o">808.883 &#x645; &#x646; &#x679;</subfield>
    <subfield code="p">B-665902</subfield>
    <subfield code="r">2017-04-11 00:00:00</subfield>
    <subfield code="t">1</subfield>
    <subfield code="v">180.00</subfield>
    <subfield code="w">2017-04-11</subfield>
    <subfield code="y">UR</subfield>
  </datafield>
</record>
